01042nam a2200205 a 450000100100000000500170001000800410002704000250006808200150009324502060010826000330031430000210034750000620036850400320043070000450046270000620050771000690056995201810063899900170081900004581820250221073755.0150515s1998 dr 000 p spa d aDO-SdBNPbspacBNPHU axxxxbxxxx00aPoesías y canciones a la patria :bde como los dominicanos han sentido la patria a través de la historia /cFiume Gómez Sánchez Bienvenida, compilador ; presentación Maritza Rossi de Pérez. aSanto Domingo :bONE,c1998. a381 p. ;c21 cm. aPerteneció a la biblioteca personal de Erick Landestoy. aBibliografía : p. 377-38112aPérez, Maritza Rossi de,epres.9646181 aGómez Sánchez, Fiume Bienvenida,d1941-ecomp.92516212aRepública Dominicana.bOficina Nacional de Estadística95775 0010718PDaPDbPDcCTd2015-05-15iLF1l0oxxxx xxxxp45818-10r2020-06-25w2020-06-25yLFPDz Perteneció a la biblioteca personal de Erick Landestoy.ZNo se presta c45307d45307